A crafter's book of angels

Bibliographic Details
Main Author: Morgenthal, Deborah
Format: Book
Published: New York : Sterling Publishing , 1995
Subjects:

MARC

LEADER 00000cam a2200000 7i4500
001 0000007531
002 000008091
005 20000330.0
020 |a 0806931566 
090 0 0 |a 745.5   |b MOR 
100 1 |a Morgenthal, Deborah 
245 1 2 |a A crafter's book of angels   |c Deborah Morgenthal 
260 |a New York :   |b Sterling Publishing ,   |c 1995 
300 |a 160p. :   |b ill ;   |c 24cm. 
650 0 0 |a Angels in art 
650 0 0 |a Handicraft 
999 |a 051995   |b BUKU   |c PINJAMAN   |e PERPUSTAKAAN KOMUNITI PETALING JAYA